|
|
|
|
| LEADER |
01273ppm a22002658a 4500 |
| 001 |
00046329 |
| 005 |
20210126100136.0 |
| 008 |
170627s2017 ||||||viesd |
| 041 |
0 |
# |
|a vie
|
| 082 |
1 |
4 |
|b D112H
|a 516.007
|
| 100 |
1 |
# |
|a Nguyễn, Trần Khánh Vy
|
| 245 |
0 |
0 |
|c Nguyễn Trần Khánh Vy ; Đào Tam (hướng dẫn)
|a Dạy học chủ đề vectơ và hệ thức lượng - Hình học 10 theo hướng tiếp cận quan điểm tích hợp
|b Luận văn thạc sĩ khoa học giáo dục. Chuyên ngành: LL và PP dạy học bộ môn Toán . Mã số: 8.14.01.11
|
| 260 |
# |
# |
|b Đại học Đồng Tháp
|c 2020
|a Đồng Tháp
|
| 300 |
# |
# |
|a 90 tr. + phụ lục
|c 30 cm.
|e 1 bản tóm tắt
|
| 500 |
# |
# |
|a ĐTTS ghi: Bộ giáo dục và đào tạo. Trường Đại học Đồng tháp
|
| 653 |
# |
# |
|a Dạy học chủ đề
|
| 653 |
# |
# |
|a Quan điểm tích hợp
|
| 653 |
# |
# |
|a Lớp 10
|
| 653 |
# |
# |
|a Hình học
|
| 653 |
# |
# |
|a Hệ thức lượng
|
| 653 |
# |
# |
|a Luận văn
|
| 700 |
1 |
# |
|a Đào Tam
|e Hướng dẫn
|
| 852 |
# |
# |
|j LV.0002735
|
| 910 |
0 |
# |
|d 26/01/2021
|
| 980 |
# |
# |
|a Trung tâm Học liệu Lê Vũ Hùng, Trường Đại học Đồng Tháp
|